Представление документа в формате RUSMARC

ПолеНазваниеЗначение
  Тип записи a
  Библиографический уровень m
001 Контрольный номер RU/CBS_UL/BASE/699363412
005 Дата корректировки 20240209175035.6
010 Индекс ISBN __
d Цена 3 р. 00 к.
9 Тираж экз.
100 Данные общей обработки __
a Данные общей обработки 20220228d2022 ||| 0rusy0189 ca
101 Язык документа 0_
a Язык текста rus
102 Страна публикации __
a Страна публикации RU
105 Кодированные данные (монография) __
a Кодированные данные (монография) y###||||000|y
181 Поле кодированных данных: вид содержания _1
a Код вида содержания (ISBD) i#
b Код характеристики содержания (ISBD) #xxe##
d i
g x
h x
i e
182 Поле кодированных данных: тип средства _1
a Код типа средства (ISBD) n
2 Код системы (источник кода, отличный от ISBD) isbdmedia
200 Заглавие и сведения об ответственности 1_
a Заглавие Микроэкономика
b Общее обозначение материала Текст
e Сведения, относящиеся к заглавию конспект лекций
f Первые сведения об ответственности А. Д. Тюрина
w Текст (визуальный) : непосредственный
203 Вид содержания и тип средства __
a Вид содержания Текст
b Характеристика содержания визуальный
c Тип средства непосредственный
210 Выходные данные 1_
a Место издания Москва
c Издательство ЭКСМО
d Дата издания 2008
215 Физическое описание __
a Объем 159 с.
d Формат см.
225 Серия 0_
a Серия Экзамен в кармане
300 Общие примечания __
a Общие примечания Под инв. номером 129040: 2-2, 7-2
333 Примечание о целевом назначении __
a Примечание о целевом назначении 16+
606 Тематические рубрики 0_
a Основная рубрика Микроэкономика - Лекции
610 Ключевые слова 0_
a Ключевые слова микроэкономика
a Ключевые слова экономическая теория
a Ключевые слова внешнеэкономическая деятельность
a Ключевые слова оборотные средства
a Ключевые слова трудовые ресурсы
686 Индексы других классификаций __
a Классификационный индекс 65.012.1
2 Код системы rubbk
700 Автор _1
a Фамилия Тюрина
b Имя (инициалы) Анна Дмитриевна
g Полное личное имя А. Д.
801 Источник записи _0
a Страна RU
b Организация МБУК ЦБС
c Дата составления 20220228
g Правила каталогизации RCR
801 Источник записи _1
a Страна RU
b Организация МБУК ЦБС г. Ульяновска
c Дата составления 20220228
g Правила каталогизации RCR
899 Данные о местонахождении __
i Авторский знак Т 98
j Расстановочный фильтр 65.012
901 Тип документа __
t Тип документа m
910 Корректоры записи __
a Корректор записи Хисамова